Detalles MARC
| 000 -LIDER |
| fixed length control field |
01213nam a2200277 a 4500 |
| 001 - NÚMERO DE CONTROL |
| Identificador de número de control |
|
| 003 - IDENTIFICACDOR DE NÚMERO DE CONTROL |
| control field |
DO-SdBNP |
| 005 - DATE AND TIME OF LATEST TRANSACTION |
| control field |
20210903125536.0 |
| 008 - ELEMENTOS DE LONGITUD FIJA |
| fixed length control field |
150820s2015 dr c 000 0 spa d |
| 020 ## - ISBN |
| International Standard Book Number |
9789945404982 |
| 040 ## - FUENTE DE CATALOGACIÓN |
| Agencia que crea de manera original el registro |
DO-SdBNP |
| Idioma de catalogación |
spa |
| Agencia que realiza la transcripción |
BPMSU |
| 082 ## - NÚMERO DE CLASIFICACIÓN DECIMAL DE DEWEY |
| Classification number |
781.97293 |
| Item number |
P438s 2015 |
| Edition number |
22 |
| 100 1# - ASIENTO PRINCIPAL -- NOMBRE PERSONAL |
| Nombre personal |
Pérez, Eugenio |
| Fechas asociadas con el nombre |
1950- |
| 245 13 - MENCIÓN DE TITULO |
| Título |
La salsa en la República Dominicana : |
| Subtítulo |
padres líderes y propulsores históricos / |
| Mención de responsabilidad |
Eugenio Pérez. |
| 260 ## - PUBLICACIÓN, DISTRIBUCIÓN, ETC. (PIE DE IMPRENTA) |
| Lugar de publicación, distribución, etc |
Santo Domingo : |
| Nombre del editor, distribuidor, etc. |
Editora Búho, |
| Fecha de publicación, distribución, etc |
2015. |
| 300 ## - DESCRIPCIÓN FÍSICA |
| Extensión |
759 p. : |
| Otros detalles físicos |
il., retratos ; |
| Dimensiones |
26 cm. |
| 500 ## - NOTA GENERAL |
| Nota general |
Incluye datos biográficos del autor en la solapa de la cubierta |
| 505 0# - NOTA DE CONTENIDO |
| Texto normalizado de contenido |
Prólogo, un genio llamado Eugenio Hugo Adames-- Las raíces de la salsa -- Padre líderesy propulsores históricos de la salsa -- Nuevos movimientos en la salsa -- Veteranos y jóvenes en la salsa -- Nuevos movimient salsero en República Dominicana. |
| 590 ## - NOTA LOCAL |
| Enlace |
Inventariado, 2021/VM |
| 650 #4 - ENCABEZAMIENTO DE MATERIA--TEMÁTICO |
| Término temático o nombre geográfico como elemento de entrada |
Salsa (Música) |
| Subdivisión temática general |
Historia y crítica. |
| Subdivisión geográfica |
República Dominicana |
| Subdivisión de forma |
|
| 650 #4 - ENCABEZAMIENTO DE MATERIA--TEMÁTICO |
| Término temático o nombre geográfico como elemento de entrada |
Salsa (Música) |
| Subdivisión temática general |
Aspectos sociales. |
| 650 #4 - ENCABEZAMIENTO DE MATERIA--TEMÁTICO |
| Término temático o nombre geográfico como elemento de entrada |
Música caribeña dominicana |
| 650 #4 - ENCABEZAMIENTO DE MATERIA--TEMÁTICO |
| Término temático o nombre geográfico como elemento de entrada |
Música popular |
| Subdivisión geográfica |
República Dominicana |
| 910 ## - VALIDACIÓN |
| Validación |
VMateo V. |
| 942 ## - ADDED ENTRY ELEMENTS (KOHA) |
| Source of classification or shelving scheme |
Dewey Decimal Classification |
| Koha item type |
Libros |